000 01048cam a2200289 a 4500
001 4943796
003 ARRUPE
005 20150126170928.0
008 960412s1997 enka b 001 0 eng
010 _a 96018462
020 _a063119603X (acidfree paper)
040 _aDLC
_cDLC
_dDLC
050 0 0 _aQP383.15
_b.J43 1997
082 0 0 _a612.8
_220
100 1 _aJeannerod, Marc.
_914648
245 1 4 _aThe cognitive neuroscience of action /
_cMarc Jeannerod.
260 _aOxford, OX ;
_aCambridge, MA :
_bBlackwell,
_c1997.
300 _axiv, 236 p. :
_bill. ;
_c24 cm.
440 0 _aFundamentals of cognitive neuroscience
_914649
504 _aIncludes bibliographical references (p. [192]-223) and indexes.
650 0 _aEfferent pathways.
_914650
650 0 _aCognitive neuroscience.
_914651
906 _a7
_bcbc
_corignew
_d1
_eocip
_f19
_gy-gencatlg
942 _2lcc
_cMONOGRAPH
999 _c121899
_d121899